000 01567cam a2200385 i 4500
001 768714001
003 CO-MdFUSB
005 20220706115225.0
007 ta
008 760421t1962 nyuab bd 00000 eng
020 _a0687192706
_q(v. 1)
020 _a0687192714
_q(v. 2) :
020 _a0687192722
_q(v. 3)
020 _a0687192730
_q(v. 4)
040 _aCO-MdFUSB
_bspa
_cCO-MdFUSB
_dCO-MdFUSBC
_erda
041 _aspa
082 _223
_a220.3
_bIN61
245 1 4 _aThe Interpreter's dictionary of the Bible :
_ban illustrated encyclopedia /
_ceditado por George Arthur Buttrick
264 1 _aNew York :
_bAbingdon Press,
_c[1962]
264 4 _c© 1962
300 _aVolumenes :
_bilustraciones, mapas a color
_c27 cm.
336 _2rdacontent
_atexto
_btxt
337 _2rdamedia
_asin mediación
_bn
338 _2rdacarrier
_avolumen
_bnc
504 _aIncluye Bibliografía
505 _aVol. 1: A-D -- Vol. 2: E-J -- Vol. 3: K-Q -- Vol. 4. R-Z.
520 _aEl Diccionario presenta: más de 7500 entradas, con muchos términos que no se encuentran en obras anteriores, artículos completos sobre cada libro de la Biblia, los libros apócrifos y otros libros extra canónicos, incluidos los Rollos del Mar Muerto y los manuscritos gnósticos; y sobre grandes conceptos teológicos y doctrinas de la Biblia.
563 _aPasta dura
650 0 _916
_aBiblia
650 7 _9423
_aEnciclopedias y diccionarios
700 1 _aButtrick, George Arthur,
_d1892-1980,
_eeditor
942 _cREF
945 _aJTF-925
999 _c67921
_d67921